British Comedy Characters - Statistics

General Stats
  • This quiz has been taken 885 times
    789 since last reset
  • The average score is 9 of 15
Answer Stats
Hint Answer % Correct
Basil, Sybil & Manuel Fawlty Towers
89%
Trigger, Boycie & Denzel Only Fools and Horses
82%
Tim Canterbury, Dawn Tinsley & David Brent The Office
78%
Mrs Doyle, Jack & Dougal Father Ted
72%
Saffron, Edina & Patsy Absolutely Fabulous
68%
Rimmer, The Cat, Kryton Red Dwarf
67%
Albert Arkwright, Nurse Gladys & Granville Open all hours
66%
Smithy, Nessa & Bryn Gavin and Stacey
63%
Tom, Barbara, Margo & Jerry The Good Life
60%
Compo, Cleggy & Foggy Last of the Summer Wine
59%
Jim Trott, Owen Newitt & Frank Pickle Vicar of Dibley
46%
Jim, Barbara, Denise & Dave The Royle Family
44%
Simon, Jay, Neil & Will The Inbetweeners, Inbetweeners
43%
Roy Trenneman, Maurice Moss & Jen Barber The IT Crowd
39%
Gaz, Donna, Janet & Jonny Two pints of Lager and a packet of crisps
31%
No matching quizzes found
Score Distribution
Percent of People with Each Score
Percentile by Number Answered
Your Score History
You have not taken this quiz since the last reset